| 000 | 02519cam a2200337 a 4500 | ||
|---|---|---|---|
| 001 | 15044161 | ||
| 003 | ARRUPE | ||
| 005 | 20140128134838.0 | ||
| 008 | 071015s2008 miua b 001 0 eng | ||
| 010 | _a 2007042523 | ||
| 020 | _a9780802845634 (pbk. : alk. paper) | ||
| 020 | _a0802845630 (pbk. : alk. paper) | ||
| 035 | _a(OCoLC)ocn177059616 | ||
| 035 |
_a(OCoLC)177059616 _z(OCoLC)176882343 |
||
| 040 |
_aDLC _cDLC _dBAKER _dC#P _dYDXCP _dBTCTA _dDLC |
||
| 050 | 0 | 0 |
_aBS2555.52 _b.B85 2008 |
| 082 | 0 | 0 |
_a226.2/06 _222 |
| 100 |
_aGurtner, Daniel M. _97157 |
||
| 245 | 0 | 0 |
_aBuilt upon the rock : _bstudies in the Gospel of Matthew / _cedited by Daniel M. Gurtner & John Nolland. |
| 260 |
_aGrand Rapids, Mich. : _bWilliam B. Eerdmans Pub., _c2008. |
||
| 300 |
_axv, 331 p. : _bill. ; _c24 cm. |
||
| 504 | _aIncludes bibliographical references (p. 290-312) and indexes. | ||
| 505 | 0 | _aMatthew's sources : oral or written? A rabbinic analogy and empirical insights / Armin D. Baum -- How Matthew tells the story : a linguistic approach to Matthew's syntax / Stephanie L. Black -- Not the law but the Messiah : law and righteousness in the Gospel of Matthew : an ongoing debate / Roland Deines -- [From] ... [to] and salvation history in Matthew's gospel / Mervyn Eloff -- Matthew and Jerusalem / R.T. France -- Matthew's theology of the temple and the "parting of the ways" : Christian origins and the First Gospel / Daniel M. Gurtner -- Matthew and anti-semitism / John Nolland -- Holiness and ecclesiology : the church in Matthew / Donald A. Hagner -- The rock on which to build : some mainly Pauline observations about the Sermon on the Mount / David Wenham -- Balaam-Laban as the key to the Old Testament quotations in Matthew 2 / David Instone-Brewer -- "The virgin will conceive" : typological fulfillment in Matthew 1:18-23 / James M. Hamilton, Jr. -- The rhetoric of hearing : the use of the Isaianic hearing motif in Matthew 11:2-16:20 / Jeannine K. Brown -- Reflections on the writing of a commentary on the Gospel of Matthew / R.T. France and John Nolland. | |
| 630 | 0 | 0 |
_aBible. _pMatthew _xCriticism, interpretation, etc. _97158 |
| 700 | 1 |
_aGurtner, Daniel M. _97159 |
|
| 700 | 1 |
_aNolland, John. _97160 |
|
| 856 | 4 | 1 |
_3Table of contents only _uhttp://www.loc.gov/catdir/toc/ecip082/2007042523.html |
| 906 |
_a7 _bcbc _corignew _d1 _eecip _f20 _gy-gencatlg |
||
| 942 |
_2lcc _cMONOGRAPH |
||
| 999 |
_c119730 _d119730 |
||